[Event "Aut_2.Bundesliga_Ost_2004/05"]
[Site "?"]
[Date "2005.02.25"]
[Round "7.4"]
[White "Lipka, Juraj"]
[Black "Srienz, Christian"]
[Result "1/2-1/2"]
[WhiteElo "2387"]
[BlackElo "2285"]
[PlyCount "100"]
[EventDate "2004.10.09"]

1. Nf3 Nf6 2. c4 e6 3. g3 a6 4. Bg2 b5 5. b3 Bb7 6. O-O c5 7. Bb2 Be7 8. d3 O-O
9. Nbd2 d6 10. a3 Nfd7 11. e3 Nc6 12. Qc2 Rb8 13. Rab1 Bf6 14. Bxf6 Qxf6 15. b4
bxc4 16. dxc4 Nce5 17. Nxe5 Nxe5 18. Bxb7 Rxb7 19. Qe4 d5 20. cxd5 exd5 21. Qf4
c4 22. Qxf6 gxf6 23. Rfc1 f5 24. Rc2 Ra8 25. Kg2 Nd3 26. Nf3 a5 27. b5 a4 28.
Nd4 f6 29. Kf1 Rab8 30. Ke2 h6 31. h3 Kh7 32. Rc3 Nc5 33. Rb4 Kg6 34. h4 Ra8
35. Kf3 Ra5 36. Nc6 Ra8 37. b6 Ra6 38. Rb5 Ne4 39. Rc2 Raxb6 40. Ne7+ Kf7 41.
Rxb6 Rxb6 42. Nxd5 Rb3 43. g4 Ke6 44. Nf4+ Ke5 45. Ng6+ Ke6 46. gxf5+ Kxf5 47.
Ne7+ Ke5 48. Ng6+ Kf5 49. Ne7+ Ke5 50. Ng6+ Kf5 1/2-1/2

[Event "Aut_2.Bundesliga_Ost_2004/05"]
[Site "?"]
[Date "2005.02.25"]
[Round "7.4"]
[White "Wukits, Rene"]
[Black "Alvir, Aco"]
[Result "1/2-1/2"]
[WhiteElo "2265"]
[BlackElo "2381"]
[PlyCount "84"]
[EventDate "2004.10.09"]

1. d4 c5 2. d5 d6 3. c4 g6 4. Nc3 Bg7 5. e4 Nf6 6. h3 O-O 7. Nf3 e6 8. Bd3 a6
9. a4 e5 10. a5 Nh5 11. Bd2 Nd7 12. Qb1 b6 13. axb6 Qxb6 14. Na4 Qd8 15. Qc2
Rb8 16. Rb1 Nf4 17. Bf1 f5 18. exf5 Nb6 19. Nc3 Bxf5 20. Ne4 Qd7 21. g3 Nxh3
22. Bxh3 Bxh3 23. Nfg5 Bg2 24. Rh2 Bxe4 25. Nxe4 Qf5 26. b3 Nc8 27. Bg5 Rf7 28.
Ke2 Bf8 29. Kd2 Be7 30. Be3 Bd8 31. Ra1 Rfb7 32. Ra3 a5 33. Nc3 e4 34. Qxe4
Qxe4 35. Nxe4 Rxb3 36. Rxb3 Rxb3 37. Rh1 h5 38. Ra1 Kf7 39. Bf4 Rb4 40. Kd3
Rb3+ 41. Kc2 Rb4 42. Kd3 Rb3+ 1/2-1/2

[Event "Aut_2.Bundesliga_Ost_2004/05"]
[Site "?"]
[Date "2005.02.25"]
[Round "7.4"]
[White "Smolen, Jan"]
[Black "Wallner, Alfred"]
[Result "1-0"]
[WhiteElo "2334"]
[BlackElo "2232"]
[PlyCount "81"]
[EventDate "2004.10.09"]

1. e4 c5 2. Nf3 d6 3. d4 Nf6 4. Nc3 cxd4 5. Nxd4 a6 6. Bc4 e6 7. Bb3 b5 8. Bg5
Be7 9. Qf3 Qb6 10. O-O-O O-O 11. g4 b4 12. Na4 Qb7 13. h4 Re8 14. Bxf6 Bxf6 15.
g5 Be7 16. g6 hxg6 17. h5 g5 18. h6 Bf6 19. hxg7 Bxg7 20. Rhg1 Kf8 21. Kb1 Qa7
22. Ne2 Qe7 23. Qg3 Nd7 24. f4 Bb7 25. fxg5 Bxe4 26. Rxd6 Ne5 27. Rd4 Bf3 28.
Nf4 Rad8 29. Rxd8 Rxd8 30. g6 Bg4 31. gxf7 Qxf7 32. Nc5 Rd6 33. Bxe6 Qf6 34.
Bxg4 Nc4 35. Ncd3 Rxd3 36. Nxd3 Na3+ 37. Kc1 Bh6+ 38. Kd1 Nc4 39. Qb8+ Ke7 40.
Qc7+ Kf8 41. Qxc4 1-0

[Event "Aut_2.Bundesliga_Ost_2004/05"]
[Site "?"]
[Date "2005.02.25"]
[Round "7.4"]
[White "Ponjican, Erich"]
[Black "Kuthan, Andreas"]
[Result "0-1"]
[WhiteElo "2135"]
[BlackElo "2235"]
[PlyCount "62"]
[EventDate "2004.10.09"]

1. e4 e6 2. d4 d5 3. Nd2 c5 4. exd5 Qxd5 5. Ngf3 cxd4 6. Bc4 Qd6 7. O-O Nf6 8.
Nb3 Nc6 9. Nbxd4 Nxd4 10. Nxd4 a6 11. c3 Qc7 12. Be2 Bd6 13. g3 O-O 14. Bf3 e5
15. Ne2 Bg4 16. Bg2 Rad8 17. Qc2 Bh5 18. Bg5 Be7 19. Rad1 Bg6 20. Qb3 Bd3 21.
Rfe1 b5 22. Nc1 Bg6 23. h3 h6 24. Be3 Ne4 25. a4 Nc5 26. Bxc5 Bxc5 27. axb5 Qb6
28. Rxe5 Bxf2+ 29. Kh2 Qb8 30. Red5 Qxg3+ 31. Kh1 Be4 0-1

[Event "Aut_2.Bundesliga_Ost_2004/05"]
[Site "?"]
[Date "2005.02.25"]
[Round "7.4"]
[White "Bauer, Manfred"]
[Black "Lenz, Alarich"]
[Result "0-1"]
[WhiteElo "2021"]
[BlackElo "2186"]
[PlyCount "66"]
[EventDate "2004.10.09"]

1. f4 d5 2. Nf3 g6 3. e3 Bg7 4. d4 Nh6 5. Bd3 c5 6. c3 b6 7. O-O O-O 8. Qe2 Bf5
9. Ne5 f6 10. Bxf5 Nxf5 11. Nd3 Nd7 12. Nd2 e5 13. fxe5 fxe5 14. dxc5 e4 15.
Nf4 Nxc5 16. Nb3 Be5 17. Nxc5 bxc5 18. Bd2 Qd6 19. g3 Rfe8 20. Rad1 Rad8 21.
Bc1 Bxf4 22. Rxf4 Qe6 23. Re1 Nd6 24. Qa6 Nc4 25. Qxa7 Ne5 26. Ref1 Nf3+ 27.
Kg2 g5 28. R4xf3 exf3+ 29. Rxf3 Rf8 30. Rxf8+ Rxf8 31. Qxc5 Qe4+ 32. Kh3 Qf5+
33. Kg2 Qf1# 0-1

[Event "Aut_2.Bundesliga_Ost_2004/05"]
[Site "?"]
[Date "2005.02.25"]
[Round "7.5"]
[White "Loeffler, Stefan"]
[Black "Varga, Zoltan"]
[Result "1/2-1/2"]
[WhiteElo "2432"]
[BlackElo "2538"]
[PlyCount "87"]
[EventDate "2004.10.09"]

1. d4 d5 2. c4 dxc4 3. Nf3 c6 4. e3 b5 5. a4 e6 6. axb5 cxb5 7. b3 Bb4+ 8. Bd2
Bxd2+ 9. Nbxd2 a5 10. bxc4 b4 11. Ne5 Nf6 12. Qf3 Ra7 13. Qg3 O-O 14. Nxf7
Raxf7 15. Qxb8 Nd7 16. Qa8 Rxf2 17. Nf3 Rb2 18. Qxa5 Nb6 19. O-O-O Bb7 20. c5
Be4 21. Kxb2 Nc4+ 22. Bxc4 Qxa5 23. Ra1 Qd8 24. Bxe6+ Kh8 25. Rhf1 Bd3 26. Rfe1
Qe7 27. Bd5 Be4 28. Bc4 g6 29. Ra4 Qb7 30. Kb3 Rb8 31. Ne5 Bxg2 32. e4 Qe7 33.
Rxb4 Rxb4+ 34. Kxb4 Qh4 35. Rd1 Bxe4 36. c6 Qe7+ 37. Kb5 Qa7 38. h4 Bc2 39. Rc1
Qa4+ 40. Kb6 Qb4+ 41. Kc7 Qa5+ 42. Kb7 Qb4+ 43. Kc7 Qa5+ 44. Kb7 1/2-1/2

[Event "Aut_2.Bundesliga_Ost_2004/05"]
[Site "?"]
[Date "2005.02.25"]
[Round "7.5"]
[White "Hagara, Eduard"]
[Black "Miniboeck, Guenter"]
[Result "1/2-1/2"]
[WhiteElo "2398"]
[BlackElo "2345"]
[PlyCount "101"]
[EventDate "2004.10.09"]

1. e4 c5 2. Nf3 d6 3. d4 cxd4 4. Nxd4 Nf6 5. Nc3 a6 6. Be3 e5 7. Nb3 Be6 8. f3
Be7 9. Qd2 O-O 10. O-O-O Nbd7 11. g4 Qc7 12. g5 Nh5 13. Nd5 Bxd5 14. exd5 a5
15. Kb1 a4 16. Nc1 f6 17. a3 fxg5 18. Bxg5 Bxg5 19. Qxg5 Nf4 20. Ne2 Rac8 21.
c3 Nb6 22. Nxf4 Rxf4 23. Bd3 Nc4 24. Bxc4 Qxc4 25. Rhg1 Qc7 26. Rg3 Rcf8 27.
Rdg1 R8f7 28. Qh5 Qd7 29. Rg5 R4f5 30. c4 b6 31. Kc2 Rxg5 32. Rxg5 Rf4 33. Rg4
g6 34. Qg5 Rxf3 35. h4 Qf5+ 36. Qxf5 Rxf5 37. c5 bxc5 38. Rxa4 e4 39. Rxe4 Rxd5
40. a4 Rf5 41. a5 Rf7 42. a6 Ra7 43. Ra4 Kf7 44. Kc3 d5 45. b4 d4+ 46. Kc4 cxb4
47. Kxd4 b3 48. Kc3 b2 49. Kxb2 h6 50. Kb3 g5 51. hxg5 1/2-1/2

[Event "Aut_2.Bundesliga_Ost_2004/05"]
[Site "?"]
[Date "2005.02.25"]
[Round "7.5"]
[White "Bandy, Attila"]
[Black "Vajda, Szidonia"]
[Result "1/2-1/2"]
[WhiteElo "2293"]
[BlackElo "2369"]
[PlyCount "116"]
[EventDate "2004.10.09"]

1. d4 Nf6 2. Nf3 d5 3. c3 e6 4. Bf4 c5 5. e3 Nc6 6. Nbd2 Bd6 7. dxc5 Bxc5 8.
Bb5 O-O 9. Qe2 Qb6 10. Nb3 Be7 11. O-O h6 12. Rac1 Nd7 13. Rfd1 a6 14. Ba4 Re8
15. c4 Qb4 16. cxd5 Qxa4 17. dxc6 bxc6 18. Qc4 Qxc4 19. Rxc4 c5 20. Bd6 Bxd6
21. Rxd6 Rb8 22. Rd2 Rb5 23. h3 Kf8 24. Rdc2 Rd8 25. Nxc5 Nxc5 26. Rxc5 Rxc5
27. Rxc5 Rd1+ 28. Kh2 Bb7 29. Rc2 Be4 30. Rc8+ Ke7 31. Rc7+ Kf6 32. Kg3 Bd5 33.
a3 a5 34. Ra7 Rb1 35. Rxa5 Rxb2 36. Ra7 Ra2 37. h4 g5 38. hxg5+ hxg5 39. a4
Bxf3 40. Kxf3 Kg6 41. a5 Ra4 42. Ra8 Kf6 43. a6 Kg7 44. a7 Kf6 45. Kg3 Kg7 46.
f4 gxf4+ 47. exf4 Ra3+ 48. Kh4 Ra4 49. g4 Ra5 50. Kg3 Ra3+ 51. Kf2 Ra2+ 52. Ke3
Ra3+ 53. Kd4 Ra1 54. Ke5 Re1+ 55. Kd6 Rd1+ 56. Ke7 Ra1 57. Ke8 Ra2 58. Ke7 Ra1
1/2-1/2

[Event "Aut_2.Bundesliga_Ost_2004/05"]
[Site "?"]
[Date "2005.02.25"]
[Round "7.5"]
[White "Stranz, Richard"]
[Black "Brandner, Stefan"]
[Result "0-1"]
[WhiteElo "2272"]
[BlackElo "2316"]
[PlyCount "68"]
[EventDate "2004.10.09"]

1. e4 e5 2. Nf3 Nc6 3. Nc3 Nf6 4. d4 exd4 5. Nxd4 Bb4 6. Nxc6 bxc6 7. Bd3 d5 8.
exd5 cxd5 9. O-O O-O 10. Bg5 c6 11. Ne2 Bd6 12. Nd4 c5 13. Nc6 Bxh2+ 14. Kxh2
Qd6+ 15. Kg1 Qxc6 16. Bxf6 Qxf6 17. Qh5 g6 18. Qxd5 Rb8 19. b3 Bb7 20. Qxc5
Rfc8 21. Qe3 Re8 22. Qg3 Re5 23. Rae1 Rbe8 24. Re3 R8e7 25. Rfe1 Rg5 26. Rxe7
Rxg3 27. Rxb7 Rg4 28. Bc4 Rxg2+ 29. Kxg2 Qc6+ 30. Kg3 Qxb7 31. Re3 h5 32. Rf3
h4+ 33. Kg4 Qe4+ 34. Rf4 Qg2+ 0-1

[Event "Aut_2.Bundesliga_Ost_2004/05"]
[Site "?"]
[Date "2005.02.25"]
[Round "7.5"]
[White "Sulyok, Michael"]
[Black "Krpelan, Wolfgang"]
[Result "1-0"]
[WhiteElo "2205"]
[BlackElo "2246"]
[PlyCount "73"]
[EventDate "2004.10.09"]

1. c4 c6 2. e4 d5 3. cxd5 cxd5 4. exd5 Nf6 5. Nc3 g6 6. Bc4 Bg7 7. Nf3 O-O 8.
O-O Nbd7 9. d3 Nb6 10. Qb3 Ne8 11. Re1 Nd6 12. Bf4 Bf5 13. Nb5 Nbc8 14. a4 Nxb5
15. Qxb5 b6 16. Qb3 Nd6 17. Ne5 Bxe5 18. Rxe5 f6 19. Ree1 g5 20. Be3 Kg7 21.
Rac1 Rc8 22. Ba6 Rxc1 23. Rxc1 Bd7 24. Qc2 Qa8 25. Qc7 Rd8 26. a5 Ne8 27. Qb7
Qxb7 28. Bxb7 Bf5 29. axb6 axb6 30. Bc6 Bxd3 31. Bxb6 Rb8 32. Bd4 Nd6 33. f3
Nb5 34. Bc5 Nd6 35. b4 Kf7 36. Ra1 Nb7 37. Ba7 1-0

[Event "Aut_2.Bundesliga_Ost_2004/05"]
[Site "?"]
[Date "2005.02.25"]
[Round "7.5"]
[White "Ranits, Franz"]
[Black "Herndlbauer, Martin"]
[Result "0-1"]
[WhiteElo "2272"]
[BlackElo "2132"]
[PlyCount "34"]
[EventDate "2004.10.09"]

1. e4 c5 2. c3 Nf6 3. e5 Nd5 4. d4 cxd4 5. cxd4 Nc6 6. Nf3 d6 7. Bc4 e6 8. O-O
Be7 9. Qe2 O-O 10. Qe4 b6 11. Bxd5 exd5 12. Qxd5 Ba6 13. Rd1 Be2 14. Rd2 Bxf3
15. gxf3 Bg5 16. Rd1 Bxc1 17. Qxc6 Bxb2 0-1

[Event "Aut_2.Bundesliga_Ost_2004/05"]
[Site "?"]
[Date "2005.02.25"]
[Round "7.6"]
[White "Pingitzer, Harald"]
[Black "Likavsky, Tomas"]
[Result "0-1"]
[WhiteElo "2389"]
[BlackElo "2449"]
[PlyCount "64"]
[EventDate "2004.10.09"]

1. Nf3 Nf6 2. d4 e6 3. e3 b6 4. Nbd2 Bb7 5. Bd3 c5 6. O-O d6 7. c3 Nbd7 8. e4
Be7 9. Qe2 Qc7 10. b3 O-O 11. Bb2 e5 12. dxe5 dxe5 13. Rfd1 Nh5 14. g3 g6 15.
Nf1 Bf6 16. Rd2 Bg7 17. Qe3 Ndf6 18. Nh4 Rad8 19. f3 Ne8 20. Rad1 Nd6 21. c4
Qe7 22. Ng2 f5 23. exf5 Nxf5 24. Bxf5 Rxd2 25. Nxd2 gxf5 26. Re1 Qd6 27. Nf1 f4
28. Bxe5 fxe3 29. Bxd6 Rxf3 30. g4 Bd4 31. gxh5 e2+ 32. Nfe3 Rxe3 0-1

[Event "Aut_2.Bundesliga_Ost_2004/05"]
[Site "?"]
[Date "2005.02.25"]
[Round "7.6"]
[White "Manik, Mikulas"]
[Black "Sandhu, Mario"]
[Result "1/2-1/2"]
[WhiteElo "2510"]
[BlackElo "2314"]
[PlyCount "29"]
[EventDate "2004.10.09"]

1. e4 c6 2. d4 d5 3. exd5 cxd5 4. c4 Nf6 5. Nc3 Nc6 6. Bg5 Qa5 7. Bxf6 exf6 8.
c5 Bxc5 9. dxc5 d4 10. a3 dxc3 11. b4 Qc7 12. Bb5 O-O 13. Ne2 Bg4 14. f3 Bf5
15. Qd5 1/2-1/2

[Event "Aut_2.Bundesliga_Ost_2004/05"]
[Site "?"]
[Date "2005.02.25"]
[Round "7.6"]
[White "Hofbauer, Martin"]
[Black "Antal, Gergely"]
[Result "0-1"]
[WhiteElo "2334"]
[BlackElo "2450"]
[PlyCount "54"]
[EventDate "2004.10.09"]

1. e4 c5 2. c3 Nf6 3. e5 Nd5 4. Nf3 Nc6 5. Bc4 Nb6 6. Bb3 c4 7. Bc2 Qc7 8. Qe2
g5 9. h3 Bg7 10. O-O Nxe5 11. Nxg5 h6 12. Nf3 d6 13. a4 Nd5 14. d4 cxd3 15.
Bxd3 Nxd3 16. Qxd3 Be6 17. Nd4 Bxd4 18. cxd4 Rg8 19. Na3 Qc6 20. Qf3 Rg6 21. b3
Nb4 22. Qxc6+ Nxc6 23. Kh2 Nxd4 24. b4 Kd7 25. Be3 Rag8 26. g4 Bxg4 27. Bxd4
Bf3 0-1

[Event "Aut_2.Bundesliga_Ost_2004/05"]
[Site "?"]
[Date "2005.02.25"]
[Round "7.6"]
[White "Plank, Franz"]
[Black "Schneider-Zinner, Harald"]
[Result "0-1"]
[WhiteElo "2305"]
[BlackElo "2358"]
[PlyCount "160"]
[EventDate "2004.10.09"]

1. e4 e5 2. Nf3 d6 3. Bc4 Be7 4. d4 exd4 5. Nxd4 Nf6 6. Nc3 O-O 7. O-O c6 8.
Qf3 Nbd7 9. Nf5 Ne5 10. Nxe7+ Qxe7 11. Qe2 b5 12. Bd3 b4 13. Nd1 Nxd3 14. cxd3
d5 15. Re1 Ba6 16. Qc2 dxe4 17. dxe4 Rad8 18. f3 c5 19. b3 Nd5 20. Bd2 Nb6 21.
Nb2 Rc8 22. Be3 c4 23. bxc4 Bxc4 24. Bxb6 axb6 25. Rec1 Be6 26. Qd2 Rxc1+ 27.
Qxc1 Rc8 28. Qd2 Qc5+ 29. Kh1 Qc3 30. Rd1 Qxd2 31. Rxd2 Rc1+ 32. Rd1 Rxd1+ 33.
Nxd1 Bxa2 34. Kg1 Kf8 35. Kf2 Ke7 36. Ke3 Bc4 37. Kd4 b5 38. Nb2 b3 39. h4 f6
40. f4 h6 41. Nd1 Be2 42. Nb2 Kd6 43. g3 Kc6 44. Ke3 Bf1 45. Kd4 b4 46. Nd1 Kb5
47. Nb2 h5 48. Kd5 Bg2 49. Kd4 Bh1 50. Kd3 f5 51. e5 Kc5 52. Na4+ Kd5 53. Nb6+
Kc6 54. Na4 Kb5 55. Nb2 Kc5 56. Na4+ Kd5 57. Nb6+ Ke6 58. Na4 Bc6 59. Nc5+ Kd5
60. Nxb3 Bb5+ 61. Kd2 Ba4 62. Na5 Ke4 63. Nb7 Kf3 64. Nc5 Bb5 65. Ne6 Kxg3 66.
Nxg7 Kxf4 67. e6 Kg4 68. e7 f4 69. e8=Q Bxe8 70. Nxe8 Kxh4 71. Nf6 f3 72. Ke1
b3 73. Ne4 b2 74. Nd2 Kg3 75. Kf1 h4 76. Ne4+ Kf4 77. Nd2 h3 78. Kg1 Ke3 79.
Nb1 f2+ 80. Kf1 h2 0-1

[Event "Aut_2.Bundesliga_Ost_2004/05"]
[Site "?"]
[Date "2005.02.25"]
[Round "7.6"]
[White "Holzer, Gerhard"]
[Black "Allacher, Erwin"]
[Result "1-0"]
[WhiteElo "2276"]
[BlackElo "2147"]
[PlyCount "83"]
[EventDate "2004.10.09"]

1. b3 d5 2. Bb2 c5 3. e3 Nc6 4. Nf3 Bg4 5. Be2 e6 6. O-O Nf6 7. d3 Bd6 8. Nbd2
Qc7 9. h3 Bh5 10. c4 dxc4 11. Nxc4 Be7 12. Rc1 O-O 13. Qc2 Rac8 14. Qb1 Nd7 15.
Ncd2 Bg6 16. Qa1 f6 17. a3 Qb8 18. Kh1 Rfd8 19. Nh4 Bf7 20. f4 Nf8 21. Rg1 Ng6
22. Nhf3 b6 23. Rcf1 Qc7 24. Ne4 e5 25. f5 Nh8 26. g4 h6 27. h4 Qd7 28. Rg3 Bd5
29. g5 hxg5 30. hxg5 Qxf5 31. Nxf6+ Bxf6 32. gxf6 Qxf6 33. e4 Bxb3 34. Kg2 Ng6
35. Nxe5 Nf4+ 36. Rxf4 Qxf4 37. Nxc6 Rxc6 38. Rxg7+ Kf8 39. Be5 Qh6 40. Qf1+
Ke8 41. Qf5 Rdd6 42. Bh5+ 1-0

[Event "Aut_2.Bundesliga_Ost_2004/05"]
[Site "?"]
[Date "2005.02.25"]
[Round "7.6"]
[White "Zwinger, Stefan"]
[Black "Hansen, Kay"]
[Result "0-1"]
[WhiteElo "2040"]
[BlackElo "2208"]
[PlyCount "72"]
[EventDate "2004.10.09"]

1. d4 d5 2. c4 c6 3. Nf3 Nf6 4. Nc3 dxc4 5. a4 Bf5 6. e3 e6 7. Bxc4 Nbd7 8. O-O
Be7 9. Re1 Ne4 10. Nd2 Nb6 11. Be2 Nxd2 12. Bxd2 Nd5 13. Nxd5 exd5 14. a5 O-O
15. Qb3 Qd6 16. Bf3 b6 17. axb6 axb6 18. Ra4 Rxa4 19. Qxa4 c5 20. Ra1 Rb8 21.
Bc3 Bd7 22. Qd1 c4 23. Ra7 Bc6 24. Bg4 Ra8 25. Qa1 Rxa7 26. Qxa7 b5 27. Ba5 Bf8
28. Bh5 g6 29. Bg4 b4 30. Bc7 Qe7 31. Qb6 Bd7 32. Bf3 c3 33. bxc3 bxc3 34. Qb3
Qb4 35. Bxd5 c2 36. Bxf7+ Kh8 0-1

[Event "Aut_2.Bundesliga_Ost_2004/05"]
[Site "?"]
[Date "2005.02.26"]
[Round "8.1"]
[White "Hodysh, Yuriy"]
[Black "Antal, Gergely"]
[Result "1-0"]
[WhiteElo "2166"]
[BlackElo "2450"]
[PlyCount "105"]
[EventDate "2004.10.09"]

1. d4 f5 2. Nf3 Nf6 3. g3 g6 4. Bg2 Bg7 5. O-O O-O 6. c4 d6 7. Nc3 c6 8. d5 e5
9. dxe6 Bxe6 10. b3 Na6 11. Bb2 Qe7 12. Qc2 Rad8 13. Rad1 Ng4 14. e3 Bc8 15.
Rfe1 Nc5 16. h3 Ne5 17. Nd4 Nf7 18. b4 Ne4 19. b5 Bd7 20. bxc6 bxc6 21. Kh2 Ne5
22. Nxe4 fxe4 23. Bxe4 c5 24. Bd5+ Kh8 25. f4 Qf6 26. Nb5 Bxb5 27. cxb5 Nf3+
28. Bxf3 Qxb2 29. Qxb2 Bxb2 30. Re2 Bf6 31. Bd5 Rfe8 32. Kg2 Re7 33. Kf3 Rc7
34. Rc2 Kg7 35. a4 Rb8 36. Bc4 Rd7 37. Rcd2 Be7 38. g4 Rdd8 39. g5 h6 40. h4
hxg5 41. hxg5 Rh8 42. Bd5 Bd8 43. Bc6 Bc7 44. a5 Bxa5 45. Rxd6 Rhd8 46. Be4
Rxd6 47. Rxd6 Rxb5 48. Rxg6+ Kf8 49. Bd5 Rb1 50. f5 Ke7 51. f6+ Kd6 52. f7+
Kxd5 53. Rf6 1-0

[Event "Aut_2.Bundesliga_Ost_2004/05"]
[Site "?"]
[Date "2005.02.26"]
[Round "8.1"]
[White "Plank, Franz"]
[Black "Pachta, Paul"]
[Result "1-0"]
[WhiteElo "2305"]
[BlackElo "2159"]
[PlyCount "145"]
[EventDate "2004.10.09"]

1. e4 c5 2. Nf3 d6 3. Bc4 Nf6 4. e5 dxe5 5. Nxe5 e6 6. d3 Bd6 7. Bb5+ Nbd7 8.
Nxd7 Bxd7 9. Bxd7+ Qxd7 10. Nc3 O-O-O 11. Qf3 h6 12. Be3 Kb8 13. a4 Rc8 14. O-O
Qc6 15. Qxc6 Rxc6 16. Ne4 Be7 17. Bf4+ Kc8 18. Be5 Rd8 19. Nd2 Nh5 20. f4 Nf6
21. Nc4 Ne8 22. Rae1 g6 23. b3 Nd6 24. Nxd6+ Bxd6 25. g4 Rg8 26. Bf6 Kd7 27.
Kg2 Bf8 28. Re3 Bg7 29. Be5 Bxe5 30. fxe5 Ke7 31. Ref3 Rg7 32. Rf4 b6 33. R1f3
Rc7 34. Kf2 Rh7 35. h4 h5 36. g5 Kf8 37. Rc4 Rd7 38. a5 Rh8 39. Rff4 Ke7 40.
axb6 axb6 41. Ra4 Rb8 42. b4 Rbb7 43. b5 Ra7 44. Ke3 Rac7 45. Ra6 Rb7 46. Rfa4
Kd8 47. Ra8+ Ke7 48. R8a6 Kd8 49. Ke4 Rdc7 50. c3 Kc8 51. Ra8+ Rb8 52. R8a6
Rbb7 53. Rc4 Kb8 54. Ke3 Kc8 55. Kf4 Rd7 56. d4 Rd5 57. Ke4 Kb8 58. dxc5 bxc5
59. b6 Kc8 60. Rca4 Kd7 61. Ra7 Kc6 62. Rxb7 Kxb7 63. Ra7+ Kxb6 64. Rxf7 Rd1
65. Rf6 Re1+ 66. Kf4 Kc6 67. Rxe6+ Kd5 68. Rd6+ Kc4 69. Rxg6 Kxc3 70. Rc6 Rf1+
71. Ke4 Re1+ 72. Kd5 Kd3 73. Rxc5 1-0

[Event "Aut_2.Bundesliga_Ost_2004/05"]
[Site "?"]
[Date "2005.02.26"]
[Round "8.1"]
[White "Vitouch, Anatol"]
[Black "Achs, Reinhold"]
[Result "1/2-1/2"]
[WhiteElo "2185"]
[BlackElo "2166"]
[PlyCount "79"]
[EventDate "2004.10.09"]

1. Nf3 f5 2. c4 Nf6 3. Nc3 g6 4. g3 Bg7 5. Bg2 d6 6. O-O O-O 7. d4 c6 8. d5 Qe8
9. Nd4 c5 10. Nc2 Na6 11. Rb1 Bd7 12. a3 b5 13. cxb5 Bxb5 14. b4 Rb8 15. bxc5
Nxc5 16. Be3 Qd7 17. Nb4 Nfe4 18. Nxb5 Rxb5 19. Bxe4 Nxe4 20. Bd4 Rfb8 21. Bxg7
Kxg7 22. Qd3 Qb7 23. Rbc1 Nf6 24. Nc6 Rc8 25. Rb1 Rb6 26. Rxb6 axb6 27. Qd4 Kg8
28. Rb1 Ne4 29. Rxb6 Qc7 30. Qb2 Nc5 31. Rb8 Kf7 32. Rxc8 Qxc8 33. Qb6 Ke8 34.
Qb8 Qxb8 35. Nxb8 Na4 36. Na6 Nc3 37. Nb4 Nxe2+ 38. Kf1 Nc3 39. Ke1 Kd7 40. f4
1/2-1/2

[Event "Aut_2.Bundesliga_Ost_2004/05"]
[Site "?"]
[Date "2005.02.26"]
[Round "8.1"]
[White "Allacher, Erwin"]
[Black "Goetz, Alexander"]
[Result "0-1"]
[WhiteElo "2147"]
[BlackElo "2189"]
[PlyCount "78"]
[EventDate "2004.10.09"]

1. d4 Nf6 2. c4 c5 3. d5 b5 4. cxb5 a6 5. bxa6 Bxa6 6. Nc3 d6 7. e4 Bxf1 8.
Kxf1 g6 9. Nf3 Nbd7 10. h3 Bg7 11. Kg1 O-O 12. Kh2 Qa5 13. Re1 Rfb8 14. Re2 Qa6
15. Rc2 Ne8 16. Qe2 Nb6 17. Qxa6 Rxa6 18. b3 f5 19. exf5 Nxd5 20. Nxd5 Bxa1 21.
fxg6 hxg6 22. Nxe7+ Kg7 23. Nh4 Rba8 24. a3 Rb8 25. Nexg6 Ra7 26. Re2 d5 27.
Ne7 Rd7 28. Nhf5+ Kh7 29. g4 Ng7 30. h4 d4 31. Bd2 d3 32. Re1 Bf6 33. h5 Re8
34. g5 Nxf5 35. gxf6 Nxe7 36. fxe7 Rexe7 37. Be3 Rd5 38. Kg2 Rb7 39. Rc1 Rxb3
0-1

[Event "Aut_2.Bundesliga_Ost_2004/05"]
[Site "?"]
[Date "2005.02.26"]
[Round "8.2"]
[White "Varga, Zoltan"]
[Black "Pingitzer, Harald"]
[Result "1-0"]
[WhiteElo "2538"]
[BlackElo "2389"]
[PlyCount "109"]
[EventDate "2004.10.09"]

1. e4 c6 2. c4 d5 3. cxd5 cxd5 4. exd5 Nf6 5. Bb5+ Nbd7 6. Nc3 g6 7. d4 Bg7 8.
d6 exd6 9. Qe2+ Qe7 10. Bf4 Qxe2+ 11. Bxe2 Ke7 12. Nb5 Ne8 13. O-O-O Nb6 14.
Bf3 d5 15. Ne2 Be6 16. Rhe1 Kd7 17. b3 a6 18. Nbc3 Nd6 19. Kb2 h5 20. a4 a5 21.
Be5 f6 22. Bxd6 Kxd6 23. Nf4 Bf7 24. Nb5+ Kd7 25. Nc7 Raf8 26. Nce6 Bxe6 27.
Rxe6 Nxa4+ 28. bxa4 Bh6 29. Rb6 Bxf4 30. Bxd5 Bc7 31. Rxb7 Rb8 32. Rxb8 Rxb8+
33. Kc3 Bxh2 34. Bf7 g5 35. Bxh5 Bd6 36. Bg4+ Kc6 37. Rh1 Be7 38. Be6 Kd6 39.
Bb3 Kd7 40. Bc4 Rf8 41. Kd3 Rb8 42. Bb5+ Kd6 43. Rc1 Bd8 44. Rc6+ Kd5 45. g4
Ra8 46. Rc5+ Kd6 47. Ke4 Rb8 48. Rd5+ Ke6 49. f3 Kf7 50. Rd7+ Kf8 51. Kf5 Be7
52. d5 Rb6 53. Bc6 Rb8 54. d6 Bd8 55. Kg6 1-0

[Event "Aut_2.Bundesliga_Ost_2004/05"]
[Site "?"]
[Date "2005.02.26"]
[Round "8.2"]
[White "Hofbauer, Martin"]
[Black "Hagara, Eduard"]
[Result "1-0"]
[WhiteElo "2334"]
[BlackElo "2398"]
[PlyCount "79"]
[EventDate "2004.10.09"]

1. e4 c5 2. c3 Nf6 3. e5 Nd5 4. Nf3 d6 5. d4 cxd4 6. cxd4 Nc6 7. Bc4 Nb6 8. Bb5
a6 9. Bxc6+ bxc6 10. O-O d5 11. Qc2 Qc7 12. Bf4 e6 13. Nbd2 Bd7 14. Nb3 Na4 15.
Rfc1 Rb8 16. Rab1 h6 17. Bd2 Be7 18. Na5 Nb6 19. Nxc6 Rc8 20. Nxe7 Qxc2 21.
Nxc8 Qxc8 22. Rxc8+ Bxc8 23. Rc1 Kd7 24. b3 Bb7 25. Ba5 Rc8 26. Rxc8 Nxc8 27.
Bb4 Ke8 28. Bc5 f6 29. exf6 gxf6 30. Nh4 Bc6 31. f4 Ne7 32. Bxe7 Kxe7 33. g4
Kd6 34. Kf2 Bb5 35. Ke3 Bf1 36. Nf3 Bh3 37. g5 hxg5 38. fxg5 fxg5 39. Nxg5 Bf5
40. Kd2 1-0

[Event "Aut_2.Bundesliga_Ost_2004/05"]
[Site "?"]
[Date "2005.02.26"]
[Round "8.2"]
[White "Vajda, Szidonia"]
[Black "Schneider-Zinner, Harald"]
[Result "1/2-1/2"]
[WhiteElo "2369"]
[BlackElo "2358"]
[PlyCount "51"]
[EventDate "2004.10.09"]

1. e4 e5 2. Nf3 d6 3. d4 exd4 4. Nxd4 Nf6 5. Nc3 Be7 6. g3 d5 7. e5 Ng4 8. e6
Nf6 9. exf7+ Kxf7 10. Bg2 Re8 11. O-O c6 12. Bf4 Na6 13. Re1 Nc5 14. Nf3 Kg8
15. Be5 Bd6 16. Qd4 Bf5 17. Rac1 Bxe5 18. Nxe5 Ncd7 19. Qf4 Nxe5 20. Qxf5 Nc4
21. b3 Nd6 22. Qd3 Qd7 23. Rcd1 Rxe1+ 24. Rxe1 Re8 25. Rxe8+ Qxe8 26. Qe2
1/2-1/2

[Event "Aut_2.Bundesliga_Ost_2004/05"]
[Site "?"]
[Date "2005.02.26"]
[Round "8.2"]
[White "Holzer, Gerhard"]
[Black "Stranz, Richard"]
[Result "1-0"]
[WhiteElo "2276"]
[BlackElo "2272"]
[PlyCount "113"]
[EventDate "2004.10.09"]

1. b3 d5 2. Bb2 Bg4 3. d3 Nd7 4. h3 Bh5 5. c4 c6 6. g4 Bg6 7. Bg2 e6 8. Nd2 h5
9. gxh5 Rxh5 10. Qc2 Ngf6 11. Bf3 Rh4 12. O-O-O Qb6 13. e3 O-O-O 14. Be2 Bd6
15. Ngf3 Rh6 16. cxd5 exd5 17. Nb1 Rdh8 18. Ng5 Qa5 19. Bc3 Qd8 20. Rhg1 Qe7
21. Bb2 Kb8 22. Rde1 Nh7 23. Nf3 Nhf6 24. Ng5 Ne8 25. Nd2 f6 26. Ngf3 Nc7 27.
Rg2 Bf5 28. Reg1 R8h7 29. h4 Na6 30. Nd4 Bh3 31. Rg6 Rxg6 32. Rxg6 Nb4 33. Qb1
Rxh4 34. a3 Na6 35. b4 Ne5 36. Rg1 Nc7 37. Rh1 g5 38. f4 gxf4 39. Nf5 Bxf5 40.
Rxh4 fxe3 41. Rh8+ Bc8 42. Nf1 Qg7 43. Rh1 Qg2 44. Rh2 Qg1 45. Bd4 Ng4 46. Rh8
Ne6 47. Bxa7+ Kxa7 48. Rxc8 Nh2 49. Qc2 Nc7 50. Qa4+ Na6 51. Rxc6 bxc6 52. d4
Nxf1 53. Qxa6+ Kb8 54. Qb6+ Kc8 55. Qxc6+ Bc7 56. Ba6+ Kd8 57. Qxf6+ 1-0

[Event "Aut_2.Bundesliga_Ost_2004/05"]
[Site "?"]
[Date "2005.02.26"]
[Round "8.2"]
[White "Krpelan, Wolfgang"]
[Black "Hansen, Kay"]
[Result "1-0"]
[WhiteElo "2246"]
[BlackElo "2208"]
[PlyCount "137"]
[EventDate "2004.10.09"]

1. c4 c6 2. d4 d5 3. cxd5 cxd5 4. Nc3 Nf6 5. Bf4 e6 6. e3 Bd6 7. Bxd6 Qxd6 8.
Bd3 O-O 9. f4 Bd7 10. Nf3 Bc6 11. O-O Nbd7 12. Ne5 Rac8 13. Qf3 Qb4 14. Rf2
Nxe5 15. fxe5 Ne4 16. Nxe4 dxe4 17. Bxe4 Bxe4 18. Qxe4 Rc7 19. h3 Rfc8 20. Kh2
h6 21. Raf1 a5 22. Qd3 a4 23. Kg1 Rd7 24. Kh2 Qa5 25. Qe4 Qb5 26. Kg1 Rc4 27.
Rc2 Rdc7 28. Rfc1 R4c6 29. Rxc6 Rxc6 30. Rxc6 bxc6 31. Qc2 g6 32. Kf2 h5 33. b3
axb3 34. Qxb3 Qa5 35. Qc2 Qa3 36. Kf3 Kg7 37. Kf2 Kg8 38. Kf3 Kg7 39. Ke2 Qa6+
40. Kf2 Qa3 41. h4 Kg8 42. Ke2 Qa6+ 43. Ke1 Qa3 44. Kd2 Qa5+ 45. Kd1 Qa3 46.
Qb3 Qa5 47. a4 Kg7 48. Qc4 Qb6 49. Kc2 Kh7 50. Qc3 Qa6 51. a5 Qe2+ 52. Qd2 Qb5
53. Kc1 c5 54. Kc2 c4 55. Qc3 Qa4+ 56. Kb2 Qc6 57. Ka3 Qxg2 58. Qxc4 Qd2 59.
Ka4 Qxe3 60. a6 Qe1 61. Kb5 Qxh4 62. a7 Qe4 63. Qc6 Qxd4 64. a8=Q Qxe5+ 65. Qc5
Qe2+ 66. Kb6 Qb2+ 67. Kc7 Qh2+ 68. Kd7 e5 69. Qad5 1-0